000 01030nam a22002057a 4500
999 _c59050
_d59050
005 20221114112412.0
008 221114s2022en xxu||||| |||| 00| 0 eng d
020 _a978886762402
041 _aeng
_hgeo
080 _a343.123.52 A-12
100 _aAbashidze, Givi.
_915793
245 _aProsecution as a prosectors s function and its implementation at the stage of investigation :
_bGeorgian model of discretionary criminal prosecution /
_cGivi Abashidze.
264 _a[Tbilisi :]
_bGeneris publishing,
_c2022.
300 _a105 p.:
_b23 cm.
546 _aრეზიუმე ინგლისურ და რუსულ ენაზე
653 _aProsecution as a prosectors s function and its implementation at the stage of investigation
653 _aდევნა, როგორც პროკურორის ფუნქცია და მისი განხორციელება გამოძიების ეტაპზე
653 _aსამართალი
942 _2udc
_cBK